1966 Packers Superbowl Roster - Statistics

General Stats
  • This quiz has been taken 22 times
  • The average score is 13 of 23
Answer Stats
Position Player % Correct
Quarterback Bart Starr
100%
Linebacker Ray Nitschke
94%
Coach Vince Lombardi
94%
Cornerback Herb Adderley
82%
Guard Jerry Kramer
82%
Fullback Jim Taylor
82%
Offensive Tackle Forrest Gregg
76%
Defensive End Willie Davis
71%
Safety Willie Wood
65%
Tight End Carroll Dale
59%
Wide Reciever Floyd Dowler
59%
Linebacker Dave Robinson
53%
Runningback Elijah Pitts
53%
Guard Fuzzy Thurston
53%
Safety Tom Brown
53%
Defensive Tackle Henry Jordan
47%
Cornerback Bob Jeter
41%
Tight End Marv Fleming
41%
Defensive End Lionel Aldridge
35%
Linebacker Lee Roy Caffey
29%
Defensive Tackle Ron Kostelnik
29%
Center Bill Curry
24%
Offensive Tackle Bob Skoronski
24%
No matching quizzes found
Score Distribution
Percent of People with Each Score
Percentile by Number Answered
Your Score History
You have not taken this quiz